000 05511nam a22005534a 4500
005 20070626083757.0
008 060118s2006 enka 000 0 eng
010 _aB-279464-475, B-279831-838
020 _a8175543035
_c150.00
020 _a9788175543034
_c150.00
035 _aB-279464-475, B-279831-838
037 _aViva/1071/28.5.08/104/16.5.08/11.7.08
_bViva/1470/17.6.08/104/16.5.08/11.7.08
040 _adpl
_bEnglish
082 _a658.452
100 _aBradbury, Andrew
_q(Andrew J.)
245 _aSucessful presentation skills /
_cby Andrew Bradbury.
246 _aSunday times
250 _a3rd ed.
260 _aNew Delhi
_bKogan Page,
_c2008(repr.)
300 _avii, 149 p. :
_c22 cm (pbk)
440 _aCreating success
650 _aBusiness presentations.
650 _aPublic speaking.
650 _aPresentation graphics software.
942 _2ddc
_cEN
_h658.452
_mBRA
999 _c20598
_d20598